<?xml version="1.0" encoding="UTF-8"?>
<collection xmlns="http://www.loc.gov/MARC21/slim">
 <record>
  <leader>01405nam a22002297a 4500</leader>
  <controlfield tag="001">NCT_89677</controlfield>
  <controlfield tag="008">210507b        xxu||||| |||| 00| 0 vie d</controlfield>
  <datafield tag="999" ind1=" " ind2=" ">
   <subfield code="c">4422</subfield>
   <subfield code="d">4422</subfield>
  </datafield>
  <datafield tag="020" ind1=" " ind2=" ">
   <subfield code="a">9786047923724</subfield>
   <subfield code="c">270000</subfield>
  </datafield>
  <datafield tag="082" ind1=" " ind2=" ">
   <subfield code="2">23rd ed.</subfield>
   <subfield code="a">658.4012</subfield>
   <subfield code="b">Gi108</subfield>
  </datafield>
  <datafield tag="245" ind1="0" ind2="0">
   <subfield code="a">Giáo trình cao học quản trị chiến lược - cập nhật BSC</subfield>
   <subfield code="c">Hà Nam Khánh Giao (chủ biên); Nguyễn Thị Hải Hằng, Nguyễn Ngọc Duy Phương,...</subfield>
  </datafield>
  <datafield tag="260" ind1=" " ind2=" ">
   <subfield code="a">H.</subfield>
   <subfield code="b">Tài chính</subfield>
   <subfield code="c">2020</subfield>
  </datafield>
  <datafield tag="300" ind1=" " ind2=" ">
   <subfield code="a">783 tr.</subfield>
   <subfield code="b">minh họa</subfield>
   <subfield code="c">24cm</subfield>
  </datafield>
  <datafield tag="520" ind1="3" ind2=" ">
   <subfield code="a">Nội dung sách bao gồm 6 phần chính, 11 chương, cuối mỗi chương có câu hỏi ôn tập và thảo luận, và có điển cứu để người học thực hành, trai đổi và áp dụng các kiến thức đã học. </subfield>
  </datafield>
  <datafield tag="653" ind1=" " ind2=" ">
   <subfield code="a">Quản trị kinh doanh</subfield>
  </datafield>
  <datafield tag="700" ind1="1" ind2=" ">
   <subfield code="a">Hà Nam Khánh Giao</subfield>
   <subfield code="e">Chủbiên</subfield>
  </datafield>
  <datafield tag="700" ind1="1" ind2=" ">
   <subfield code="a">Nguyễn Thị Hải Hằng</subfield>
  </datafield>
  <datafield tag="700" ind1="1" ind2=" ">
   <subfield code="a">Nguyễn Ngọc Duy Phương</subfield>
  </datafield>
  <datafield tag="942" ind1=" " ind2=" ">
   <subfield code="2">ddc</subfield>
   <subfield code="c">BK</subfield>
  </datafield>
  <datafield tag="952" ind1=" " ind2=" ">
   <subfield code="0">0</subfield>
   <subfield code="1">0</subfield>
   <subfield code="2">ddc</subfield>
   <subfield code="4">0</subfield>
   <subfield code="6">658_401200000000000_GI108</subfield>
   <subfield code="7">0</subfield>
   <subfield code="9">21219</subfield>
   <subfield code="a">000001</subfield>
   <subfield code="b">000001</subfield>
   <subfield code="d">2021-05-07</subfield>
   <subfield code="o">658.4012 Gi108</subfield>
   <subfield code="p">MD.18429</subfield>
   <subfield code="r">2021-05-07</subfield>
   <subfield code="v">270000.00</subfield>
   <subfield code="w">2021-05-07</subfield>
   <subfield code="y">BK</subfield>
  </datafield>
  <datafield tag="952" ind1=" " ind2=" ">
   <subfield code="0">0</subfield>
   <subfield code="1">0</subfield>
   <subfield code="2">ddc</subfield>
   <subfield code="4">0</subfield>
   <subfield code="6">658_401200000000000_GI108</subfield>
   <subfield code="7">0</subfield>
   <subfield code="9">21220</subfield>
   <subfield code="a">000001</subfield>
   <subfield code="b">000001</subfield>
   <subfield code="d">2021-05-07</subfield>
   <subfield code="o">658.4012 Gi108</subfield>
   <subfield code="p">MD.18439</subfield>
   <subfield code="r">2021-05-07</subfield>
   <subfield code="v">270000.00</subfield>
   <subfield code="w">2021-05-07</subfield>
   <subfield code="y">BK</subfield>
  </datafield>
  <datafield tag="980" ind1=" " ind2=" ">
   <subfield code="a">Thư viện Trường Đại học Nam Cần Thơ</subfield>
  </datafield>
 </record>
</collection>
